| 000 | 01035nam a2200229Ia 4500 | ||
|---|---|---|---|
| 999 |
_c36469 _d36469 |
||
| 001 | 2384 | ||
| 003 | GE_BSU | ||
| 005 | 20190527190131.0 | ||
| 008 | 181216s1969||||ge |||||||||||||| ||geo|| | ||
| 040 | _cGE_BSU | ||
| 041 | _ageo | ||
| 080 | _a330.8(479.22)+94(479.22) ა–13 | ||
| 100 |
_aაბაშმაძე, ვ. _91676 |
||
| 245 | _aნარკვევები საქართველოს პოლიტიკურ მოძღვრებათა ისტორიიდან. | ||
| 260 | _aთბილისი | ||
| 260 | _c1969 | ||
| 300 |
_a518 გვ.; _b21 სმ. |
||
| 504 | _a პირთა, გეოგრაფიულ სახელთა, ტერმინთა და საგანთა საძიებლები: გვ.518-531. | ||
| 520 | _aრეზუმე რუს. და გერმ. ენებზე. | ||
| 653 | _a პოლიტიკურ მოძღვრებათა ისტორია საქართველოში | ||
| 942 |
_cBK _2udc |
||